Statistiques concernant Pays dans des triangles aléatoires sur la carte du monde

Cliquez ici pour prendre le quiz!

Statistiques générales

  • Ce quiz a été pris 5 391 fois
  • Le résultat moyen est 16 sur 20

Réponses sur la Carte

Les réponses sont colorées sur une échelle allant du rouge au vert en fonction du pourcentage des utilisateurs qui les ont devinées à leur premier essai. Vous pouvez retrouver ces pourcentages ci-dessous.
 

Statistiques - réponses

Pays% Correct
Allemagne | Autriche | Belgique | Biélorussie | Danemark | France | Hongrie | Lettonie | Lituanie | Luxembourg | Moldavie | Pologne | République Tchèque | Roumanie | Russie | Slovaquie | Suède | Ukraine
99%
Canada | États-Unis
99%
États-Unis
99%
Algérie | Mali | Maroc | Mauritanie
98%
Arabie Saoudite | Égypte | Irak | Israël | Jordanie | Liban | Libye | Soudan | Syrie
98%
Bulgarie | Chypre | Grèce | Irak | Israël | Jordanie | Liban | Moldavie | Roumanie | Russie | Syrie | Turquie | Ukraine
98%
Canada | États-Unis
98%
Canada | États-Unis
98%
Canada | États-Unis
98%
Canada | États-Unis
98%
Canada | États-Unis
98%
États-Unis | Mexique
98%
Brésil | France | Guyana | Suriname
97%
Canada | États-Unis
97%
Canada | États-Unis
97%
Canada | États-Unis
97%
Chine | Kazakhstan | Mongolie | Russie
97%
Finlande | Norvège | Russie | Suède
97%
Kazakhstan | Russie
97%
Kazakhstan | Russie | Ukraine
97%
Russie
97%
Albanie | Allemagne | Autriche | Bosnie-Herzégovine | Bulgarie | Croatie | France | Grèce | Hongrie | Italie | Kosovo | Liechtenstein | Macédoine du Nord | Malte | Moldavie | Monténégro | Roumanie | Saint-Marin | Serbie | Slovaquie | Slovénie | Suisse | Ukraine | Vatican
96%
Antigua-et-Barbuda | Barbade | Brésil | Dominique | États-Unis | France | Grenade | Guyana | Haïti | Pays-Bas | République Dominicaine | Saint-Christophe- et-Niévès | Saint-Vincent-et-les-Grenadines | Sainte-Lucie | Trinité-et-Tobago | Venezuela
96%
Argentine | Chili
96%
Belize | Costa Rica | Guatemala | Honduras | Jamaïque | Mexique | Nicaragua | Salvador
96%
Bolivie | Brésil | Pérou
96%
Canada
96%
Canada
96%
Canada | États-Unis
96%
Chine | Corée du Nord | Corée du Sud | Mongolie | Russie
96%
Espagne | France | Portugal
96%
États-Unis
96%
États-Unis | Mexique
96%
Kazakhstan | Russie
96%
Algérie | Andorre | Espagne | France | Italie | Malte | Maroc | Monaco | Tunisie
95%
Allemagne | Belgique | Danemark | France | Luxembourg | Norvège | Pays-Bas | Royaume-Uni | Suède
95%
Arménie | Azerbaïdjan | Géorgie | Irak | Iran | Kazakhstan | Russie | Syrie | Turquie | Ukraine
95%
Bahamas | Cuba | États-Unis
95%
Belize | Cuba | États-Unis | Jamaïque | Mexique
95%
Brésil
95%
Canada
95%
États-Unis
95%
France | Irlande | Royaume-Uni
95%
Russie
95%
Russie
95%
Argentine | Bolivie | Brésil | Chili | Paraguay | Pérou
94%
Canada
94%
Corée du Sud | Japon | Russie
94%
États-Unis
94%
Japon | Russie
94%
Kazakhstan | Russie
94%
Mongolie | Russie
94%
Russie
94%
Russie
94%
Russie
94%
Afghanistan | Chine | Inde | Kazakhstan | Kirghizistan | Pakistan | Tadjikistan
93%
Argentine | Brésil | Paraguay | Uruguay
93%
Bangladesh | Bhoutan | Birmanie | Chine | Inde | Laos | Thaïlande | Viêt Nam
93%
Bangladesh | Bhoutan | Chine | Inde | Népal | Pakistan
93%
Biélorussie | Estonie | Finlande | Lettonie | Lituanie | Russie | Suède | Ukraine
93%
Brésil | France | Guyana | Suriname | Venezuela
93%
Canada
93%
Canada
93%
Chine
93%
Russie
93%
Russie
93%
Russie
93%
Algérie | Égypte | Libye | Niger | Soudan | Tchad
92%
Arabie Saoudite | Bahreïn | Égypte | Émirats Arabes Unis | Irak | Koweït | Oman | Qatar | Soudan | Yémen
92%
Argentine | Bolivie | Chili | Pérou
92%
Argentine | Brésil | Paraguay
92%
Argentine | Chili | Uruguay
92%
Brésil | Colombie | Costa Rica | Panama | Venezuela
92%
Canada | Danemark
92%
Chine | Mongolie
92%
Chine | Mongolie | Russie
92%
Comores | France | Madagascar | Malawi | Mozambique | Tanzanie | Zambie
92%
Russie
92%
Russie
92%
Russie
92%
Brésil
91%
Danemark
91%
Russie
91%
Algérie | Libye | Mali | Maroc | Mauritanie | Niger | Tunisie
90%
Australie
90%
Bahamas | États-Unis | Haïti | République Dominicaine
90%
Brésil | Colombie | Équateur | Pérou | Venezuela
90%
Danemark | Islande
90%
Russie
90%
Australie
89%
Australie
89%
Bénin | Burkina Faso | Cameroun | Côte d'Ivoire | Ghana | Guinée Équatoriale | Liberia | Mali | Niger | Nigeria | République Centrafricaine | République du Congo | Togo
89%
Finlande | Norvège | Suède
89%
Russie
89%
Russie
89%
Burkina Faso | Côte d'Ivoire | Gambie | Ghana | Guinée | Guinée-Bissau | Liberia | Mali | Mauritanie | Niger | Sénégal | Sierra Leone
88%
Chine | Kazakhstan | Mongolie
88%
Danemark
88%
Afrique du Sud | Botswana | Eswatini | Lesotho | Mozambique | Namibie
87%
Argentine | Chili
87%
Argentine | Chili | Royaume-Uni
87%
Australie
87%
Australie
87%
États-Unis
87%
Burundi | Kenya | Ouganda | République Démocratique du Congo | République du Congo | Rwanda | Somalie | Tanzanie | Zambie
86%
Russie
86%
États-Unis | Mexique
85%
Afghanistan | Chine | Kazakhstan | Kirghizistan | Ouzbékistan | Pakistan | Tadjikistan
84%
Birmanie | Cambodge | Indonésie | Laos | Malaisie | Thaïlande | Viêt Nam
84%
Inde | Pakistan
84%
Arabie Saoudite | Djibouti | Érythrée | Éthiopie | Oman | Somalie | Soudan | Yémen
83%
Australie
83%
États-Unis
83%
États-Unis
83%
États-Unis
83%
Inde | Indonésie | Maldives | Sri Lanka
83%
Afghanistan | Arabie Saoudite | Bahreïn | Émirats Arabes Unis | Irak | Iran | Koweït | Oman | Pakistan | Qatar
82%
Afrique du Sud | Botswana | Eswatini | Malawi | Mozambique | Namibie | République Démocratique du Congo | Zambie | Zimbabwe
82%
Angola | Botswana | Namibie | République Démocratique du Congo | Zambie
82%
Australie | Indonésie | Timor Oriental
82%
Chine | Philippines | Taïwan
82%
Angola | Gabon | République Démocratique du Congo | République du Congo | Zambie
81%
Australie
81%
Inde | Maldives
81%
Afrique du Sud | Namibie
80%
Australie | Îles Salomon
80%
États-Unis
80%
Norvège | Suède
80%
Australie | Îles Salomon | Indonésie | Papouasie-Nouvelle-Guinée
79%
Éthiopie | Kenya | Ouganda | République Centrafricaine | République Démocratique du Congo | République du Congo | Somalie | Soudan | Soudan du Sud
79%
Australie | France | Îles Salomon | Vanuatu
78%
Brunei | Cambodge | Indonésie | Malaisie | Philippines | Thaïlande | Viêt Nam
78%
Cameroun | Niger | Nigeria | République Centrafricaine | République du Congo | Soudan | Tchad
78%
Indonésie | Papouasie-Nouvelle-Guinée
76%
Danemark
73%
Indonésie | Malaisie | Singapour
73%
Australie
72%
Danemark
72%
Nouvelle-Zélande
72%
Australie
71%
Comores | Kenya | Malawi | Mozambique | Somalie | Tanzanie | Zambie
71%
Nouvelle-Zélande
71%
Afghanistan | Irak | Iran | Kazakhstan | Ouzbékistan | Pakistan | Turkménistan
69%
Philippines
69%
Cameroun | Gabon | Guinée Équatoriale | République du Congo | Sao Tomé-et-Principe
66%
France | Madagascar | Maurice
62%
Indonésie
58%
Nouvelle-Zélande
56%
Fidji | Îles Salomon | Samoa | Tuvalu | Vanuatu
54%
Îles Salomon | Kiribati | Tuvalu
54%
Japon
54%
Équateur | Pérou
53%
Kiribati
52%
Somalie | Yémen
52%
Espagne | Portugal
51%
Indonésie | Maldives
51%
Kiribati
49%
Namibie
49%
Cap-Vert
48%
Cap-Vert
48%
Mexique
47%
Seychelles | Somalie
47%
États Fédérés de Micronésie | Îles Marshall
46%
Îles Salomon | Kiribati | Nauru
46%
Kiribati
46%
Kiribati
45%
États Fédérés de Micronésie | Palaos
43%
Pérou
42%
Namibie
39%
Mexique
37%
États Fédérés de Micronésie
36%
Îles Marshall
31%
Portugal
29%
Royaume-Uni
27%
Samoa | Tonga
24%

Distribution des résultats

Percentile par nombre de réponses

% des personnes avec chaque résultat

Votre développement - résultats

Vous n’avez pas pris ce quiz